La semana de treinta horas / (Record no. 118069)

MARC details
000 -LEADER
campo de control de longitud fija 00633nam a2200205 4500
001 - NÚMERO DE CONTROL
campo de control 118069
003 - IDENTIFICADOR DE NÚMERO DE CONTROL
campo de control ES-MaACL
005 - FECHA Y HORA DE LA ÚLTIMA TRANSACCIÓN
campo de control 20230906191026.0
007 - CAMPO FIJO DE DESCRIPCIÓN FÍSICA--INFORMACIÓN GENERAL
campo de control de longitud fija t|
008 - DATOS DE LONGITUD FIJA--INFORMACIÓN GENERAL
campo de control de longitud fija 070214s1970 sp r ||||1| spa d
100 1# - ENTRADA PRINCIPAL--NOMBRE DE PERSONA
Nombre de persona Paranque, Régis.
9 (RLIN) 88936
245 13 - MENCIÓN DEL TÍTULO
Título La semana de treinta horas /
Mención de responsabilidad, etc. Régis Paranque. La jornada de trabajo en España / Raúl García-Durán Lara.
260 ## - PUBLICACIÓN, DISTRIBUCIÓN, ETC.
Lugar de publicación, distribución, etc. Barcelona :
Nombre del editor, distribuidor, etc. A. Redondo,
Fecha de publicación, distribución, etc. 1970.
300 ## - DESCRIPCIÓN FÍSICA
Extensión 196 p. ;
Dimensiones 18 cm.
490 1# - MENCIÓN DE SERIE
Mención de serie Beta ;
Designación de volumen o secuencia 5
700 1# - ENTRADA AGREGADA--NOMBRE PERSONAL
Nombre de persona García-Durán Lara, Raúl.
9 (RLIN) 54563
830 0# - PUNTO DE ACCESO ADICIONAL DE SERIE-TÍTULO UNIFORME
Título uniforme Beta ;
Designación de volumen o secuencia 5
9 (RLIN) 182807
852 ## - LOCALIZACIÓN
Ubicación ES-MaACL
Número de control de estantería C-42502
Sublocalización o colección R.74153
Holdings
Estatus retirado Estado de pérdida Estado de daño No para préstamo Biblioteca de origen Biblioteca actual Ubicación en estantería Fecha de adquisición Fuente de adquisición Total de préstamos Signatura topográfica completa Código de barras Visto por última vez Precio de reemplazo Tipo de ítem Koha
        Biblioteca del Ateneo de Madrid Biblioteca del Ateneo de Madrid Depósito 2 17/01/2008     C-42502 1123089 23/02/2023 23/02/2023 Libro impreso